01432cam a2200361 a 4500001001400000003000800014005001700022006001900039007001500058008004100073020003800114040003000152049002600182050001000208082001500218245015000233260005300383300003700436500003600473520015600509521001700665588004700682504005100729650003200780655002900812700003100841700002800872710001600900776003500916856008400951942001601035999001901051EDZ0000018976StDuBDS20161031105121.0m||||||||d||||||||cr |||||||||||110107s2003 caua fo 001|0|eng|d a9781412952583 (ebook) :cNo price aStDuBDSbengcStDuBDSepn aAlfaisal Main Library 4aHM75604a307.0322200aEncyclopedia of communityh[electronic resource] :bfrom the village to the virtual world /cKaren Christensen & David Levinson, general editors. aThousand Oaks, Calif. ;aLondon :bSAGE,cc2003. a1 online resource (4 v.) :bill. a"A SAGE reference publication."8 aThe 'Encyclopedia of Community' is a four volume work that will define one of the most widely researched topics in the behavioural and social sciences. aSpecialized. aDescription based on print version record. aIncludes bibliographical references and index. 0aCommunitiesvEncyclopedias. 7aElectronic books.2local1 aChristensen, Karen,d1957-1 aLevinson, David,d1947-2 aSage eBooks08iPrint version :z978076192598940uhttp://ezproxy.alfaisal.edu/login?url=http://sk.sagepub.com/reference/community 2lcccEBOOKS c479653d479653